O livro da selva ; | As aventuras do Tico e do Teco (Registo nº 2883)
[ vista simples ]
| 000 -Etiqueta do registo | |
|---|---|
| Cabeçalho | 00990nam a22003011 4500 |
| 005 - Identificador da versão | |
| Campo de controlo | 20240813121947.0 |
| 010 ## - Número internacional normalizado dos livros (ISBN) | |
| Número (ISBN) | 9722114824 |
| 021 ## - Número do Depósito Legal | |
| Código do país | PT |
| Número | 181794/02 |
| 100 ## - Dados gerais de processamento | |
| Dados gerais de processamento | 20061026g1988 cd y0pory5003 ba |
| 102 ## - Pais de publicação ou produção | |
| País de publicação | Portugal |
| 101 1# - Língua de publicação | |
| Língua do texto, banda sonora, etc. | Português |
| Língua do documento no original | Espanhol |
| 106 ## - Campo de dados codificados: material textual | |
| Dados codificados do material textual | r |
| 105 ## - Campo de dados codificados: livros | |
| Dados codificados dos livros | a z 000fy |
| 215 ## - Descrição física | |
| Indicação específica da natureza do documento e extensão da espécie | 46, [2] p. |
| Outras indicações físicas | il. |
| Dimensões | 28 cm |
| 200 1# - Titulo e menção de responsabilidade | |
| Título próprio | O livro da selva ; |
| -- | As aventuras do Tico e do Teco |
| Primeira menção de responsabilidade | Disney |
| Outras menções de responsabilidade | textos de F. Capdevila |
| -- | trad. Ana Paula Moreira, Maria João Rodrigues |
| 225 2# - Colecção | |
| Título próprio da colecção | Antologia Walt Disney |
| Informação de outro título da colecção | dois filmes famosos |
| 210 ## - Publicação, Distribuição, etc. | |
| Lugar da edição, distribuição, etc. | Lisboa |
| Nome do editor, distribuidor, etc. | Círculo de Leitores |
| Data da publicação, distribuição, etc. | cop. 1988 |
| 606 ## - Nome comum usado como assunto | |
| Número de registo de entrada de autoridade | 0000015 |
| Palavra de ordem | Literatura estrangeira infanto-juvenil |
| Subdivisão de assunto | Conto |
| 675 ## - Classificação Decimal Universal (CDU) | |
| Notação | 82-34 |
| Edição | 2ª |
| Língua da edição | por |
| 702 #1 - Nome de autor-pessoa física (responsabilidade secundária) | |
| Número de registo de entrada de autoridade | 0001964 |
| Palavra de ordem | Moreira |
| Outra parte do nome não tomada para palavra de ordem | Ana Paula |
| Código de função | Tradutor |
| Número de registo de entrada de autoridade | 0001888 |
| Palavra de ordem | Rodrigues |
| Outra parte do nome não tomada para palavra de ordem | Maria João |
| Código de função | Tradutor |
| 710 02 - Nome de colectividade-autor (responsabilidade principal) | |
| Número de registo de entrada de autoridade | 0001965 |
| Palavra de ordem | Walt Disney Productions |
| 701 #1 - Nome de autor-pessoa física (co-responsabilidade principal) | |
| Palavra de ordem | Capdevila |
| Outra parte do nome não tomada para palavra de ordem | F. |
| Código de função | Autor / Co-autor |
| 942 ## - Elementos de entrada adicionados (Koha) | |
| Tipo de item no Koha | Livro |
| Situação do levantamento | Origin of item (home branch) (coded) | Biblioteca de empréstimo | Código de barras | Cota | Circulation type (not for loan) | Tipo de documento | Nota do exemplar | Damaged status |
|---|---|---|---|---|---|---|---|---|
| Biblioteca Escolar da Coca Maravilhas | Biblioteca Escolar da Coca Maravilhas | BECM7602/06 | 8EST DIS | Livro | Sem mensagem |
